000 00670nam a2200241 i 4500
001 C2-0091268
003 PPAK
005 20180727092316.0
008 970513s1986 enk |||| ||||| | eng d
020 _a0192141120
040 _aPPAK
_beng
_cPPAK
_erda
082 0 4 _a340.0207
_223
090 0 0 _a340.0207
_bOXF
_dG
245 0 4 _aThe Oxford book of legal anecdotes
250 _aGilbert, Michael
264 1 _aOxford :
_bOxford University Press ,
_c1986
300 _axvi, 333 pages ;
_c22 cm
336 _2rdacontent
_atext
337 _2rdamedia
_aunmediated
338 _2rdacarrier
_avolume
650 1 0 _aLaw - Anecdots, facetiae, satire, etc.
942 _ddc
_cB
999 _c19255
_d19255